Biggest rappers 2019 - Statistics

General Stats
  • This quiz has been taken 207 times
  • The average score is 5 of 15
Answer Stats
Number Answer % Correct
8 Drake
88%
2 Lil Baby
59%
4 Dababy
56%
1 Travis Scott
56%
11 Lil uzi vert
48%
5 Gunna
42%
3 Young Thug
37%
15 Lil Mosey
27%
14 Roddy Ricch
24%
13 Lil Tjay
20%
9 Quavo
19%
6 YNW Melly
18%
12 Lil Yachty
15%
10 YoungBoy Never Broke Again
4%
7 A Boogie Wit a Hoodie
1%
No matching quizzes found
Score Distribution
Percent of People with Each Score
Percentile by Number Answered
Your Score History
You have not taken this quiz